LEADER 00752nam a2200193 i 4500 001 000000047512 003 CaOOAMICUS 005 20120323000000.0 008 120323s1978 it u000 u ita u 013 $a18682 040 $aSeMil$bita 245 12$aL'attrattiva del tempo moderno. 300 $a306 p. 650 4$aSpiritualitą - Testi.$0(OLS)http://semarc/subject/1342 700 1 $aLubich, Chiara,$d<1920-2008>.$0(OLS)http://semarc/name/5015 773 0 $aLubich, Chiara, <1920-2008>$tScritti spirituali.$b2. edizione.$dRoma : Cittą Nuova, copyr. 1978.$g1$w()10289 850 $aSeMil 852 $aSeMil$W1$xVenegono$y1$m2C IV 183$j13667$B13667$CSeMilBibl$Z2$F13667 $81 996 $6245$aL'attrattiva del tempo moderno$9(OLS)http://semarc/title/71610 LEADER 01027nam a2200241 i 4500 001 000000202308 003 CaOOAMICUS 005 20110519000000.0 008 110519s2008 it u000 u ita u 013 $a181016 020 $a978-88-495-1532-9 040 $aSeMil$bita 245 10$aEnciclopedia della persona nel 20. secolo /$ca cura di Antonio Pavan. 260 $aNapoli :$bEdizioni Scientifiche Italiane,$c2008. 300 $aVIII, 1171 p. ;$c23 cm. 650 4$aPersona - Enciclopedie e dizionari.$0(OLS)http://semarc/subject/38030 700 1 $aPavan, Antonio.$0(OLS)http://semarc/name/8705 850 $aSeMil 852 $aSeMil$W1$xVenegono$y1$mSL1.N IV 59$j258026$B152831$CSeMilBibl$Z2$F164652 $8I 961 $aAcquisto: L.S. srl 996 $6020$a978-88-495-1532-9$9(OLS)http://semarc/number/195215 996 $6245$aEnciclopedia della persona nel 20. secolo$9(OLS)http://semarc/title/292860 996 $6260$aNapoli :$bEdizioni Scientifiche Italiane$9(OLS)http://semarc/publisher/30654